000 00626nas a2200229 4500
001 BR2012007675
003 BR-BrBNA
005 20231205121327.0
007 ta
008 230509b bl.|||p| |||| 00| 00por d
040 _aBR-BrBNA
_bpor
_cBiblioteca Nacional de Agricultura
041 _a(Pt)
072 _aE16
100 1 _aSebastiani, R.E.G.
245 1 _aMaior espaço no mercado
650 _aMILHO
650 _aCONTRATO
650 _aPRODUÇÃO
773 0 _tAgroanalysis (Brazil)
_xISSN 0100-4298
_g(Jul 2012), v. 32(7) p. 15
_wBR2012007675
909 _a202311
_bLúcia
_c55
_dLúcia Elande
942 _2AGRIS
_n0
_cANA
999 _c222958
_d222958